[Event "ETCC Open 2023"]
[Site "Budva"]
[Date "2023.11.20"]
[Round "9.26"]
[White "Macovei, Andrei"]
[Black "Teclaf, Pawel"]
[Result "0-1"]
[WhiteElo "2446"]
[BlackElo "2571"]
[Annotator "RC"]
[PlyCount "100"]
[EventDate "2023.11.10"]
[EventType "team-tourn"]
[EventCountry "MNE"]
[SourceTitle "playchess.com"]
[Source "ChessBase"]
[SourceQuality "1"]
[WhiteTeam "Moldova"]
[BlackTeam "Poland"]
[WhiteTeamCountry "MDA"]
[BlackTeamCountry "POL"]

1. e4 g6 2. d4 Bg7 3. Nf3 d6 4. Nc3 a6 5. a4 Nf6 6. Be2 O-O 7. O-O Nc6 8. Re1 b6 9. e5 dxe5 10. Nxe5 Nxd4 11. Bf3 Rb8 12. Bf4 e6 13. Nc6 Nxc6 14. Bxc6 Qxd1 15. Raxd1 Bb7 16. Bxb7 Rxb7 17. Rd3 c6 18. Be5 b5 19. Bxf6 Bxf6 20. b3 Rd8 21. Ne4 Rxd3 22. Nxf6+ Kg7 23. cxd3 Kxf6 24. Kf1 bxa4 25. bxa4 Rb4 26. Rc1 Rxa4 27. Ke2 h5 28. Rxc6 Kf5 29. Ke3 g5 30. h3 h4 31. g3 hxg3 32. fxg3 Ra1 33. Rc5+ Kg6 34. d4 a5 35. d5 exd5 36. Rxd5 a4 37. Kf2 a3 38. Kg2 a2 39. Rd6+ Kg7 40. Ra6 f5 41. Ra7+ Kf6 42. Ra6+ Ke5 43. Ra5+ Ke4 44. Ra4+ Ke3 45. Ra3+ Ke2 46. Ra8 f4 47. Re8+ Kd3 48. Ra8 Ke4 49. Ra4+ Ke3 50. Ra3+ Ke2 0-1

[Event "ETCC Open 2023"]
[Site "Budva"]
[Date "2023.11.20"]
[Round "9.27"]
[White "Bartel, Mateusz"]
[Black "Bologan, Victor"]
[Result "1-0"]
[WhiteElo "2651"]
[BlackElo "2574"]
[Annotator "TA"]
[PlyCount "211"]
[EventDate "2023.11.10"]
[EventType "team-tourn"]
[EventCountry "MNE"]
[SourceTitle "playchess.com"]
[Source "ChessBase"]
[SourceQuality "1"]
[WhiteTeam "Poland"]
[BlackTeam "Moldova"]
[WhiteTeamCountry "POL"]
[BlackTeamCountry "MDA"]

1. e4 e5 2. Nf3 Nc6 3. d4 exd4 4. Nxd4 Nf6 5. Nxc6 bxc6 6. Nd2 d5 7. exd5 cxd5 8. Bb5+ Bd7 9. Bxd7+ Qxd7 10. O-O Be7 11. b3 O-O 12. Bb2 Ng4 13. Qf3 Bf6 14. Bxf6 Nxf6 15. Rad1 a5 16. a4 Rfe8 17. h3 Qe7 18. Qd3 c5 19. Rfe1 Qxe1+ 20. Rxe1 Rxe1+ 21. Kh2 Rae8 22. Nf3 R1e2 23. Kg1 c4 24. bxc4 dxc4 25. Qxc4 h6 26. g3 R2e4 27. Nd4 Rd8 28. c3 Nd5 29. Qc5 Nxc3 30. Nf5 Ne2+ 31. Kg2 Nd4 32. Qxa5 Ree8 33. Ne3 Ra8 34. Qb4 Ne6 35. Nd5 Reb8 36. Qa3 Rb7 37. Ne7+ Kh8 38. Qf3 Nd8 39. Nf5 Rba7 40. Qg4 Ne6 41. Nd6 Kg8 42. Qf5 Nd4 43. Qh5 Rd7 44. Ne4 Ne6 45. Qb5 Rda7 46. Nc3 Ra5 47. Qc6 R5a6 48. Qc4 Ra5 49. Qb4 Rc5 50. Nb5 Rc6 51. h4 Rca6 52. Nc3 Ra5 53. Kh3 h5 54. Kg2 g6 55. Kh3 Kg7 56. Qe4 Kg8 57. Qb4 Kg7 58. f3 Kg8 59. Qc4 Rc5 60. Qe4 Rd8 61. Qe3 Rd4 62. Ne4 Ra5 63. Nf6+ Kg7 64. Ne8+ Kg8 65. Nc7 Rd6 66. Qa3 Rc6 67. Nb5 Rc4 68. Nc3 Rd4 69. Qb2 Rd3 70. Kg2 Rf5 71. f4 Rd4 72. Kf3 Rc5 73. Ne4 Rcc4 74. Qb8+ Rd8 75. Qe5 Rxa4 76. Nf6+ Kf8 77. Nd5 Nd4+ 78. Kf2 Rxd5 79. Qxd5 Nf5 80. Qc5+ Kg8 81. Qc8+ Kh7 82. Qf8 Ra7 83. Kf3 Rb7 84. Kf2 Nd4 85. Ke3 Ne6 86. Qa3 Rd7 87. Ke4 Rd1 88. Ke5 Kg7 89. f5 Re1+ 90. Kd6 Rd1+ 91. Ke7 gxf5 92. Qf3 Rc1 93. Qxh5 Rc7+ 94. Kd6 Rc5 95. Qe2 Ra5 96. Qe3 Ra4 97. Qc3+ Kg6 98. Qc8 Ng7 99. Qc6 Re4 100. Kd7+ Re6 101. Qc1 f6 102. Qc3 Re4 103. Qb3 Rg4 104. Qg8 Rd4+ 105. Kc6 f4 106. g4 1-0

[Event "ETCC Open 2023"]
[Site "Budva"]
[Date "2023.11.20"]
[Round "9.28"]
[White "Iordachescu, Viorel"]
[Black "Gumularz, Szymon"]
[Result "1/2-1/2"]
[WhiteElo "2586"]
[BlackElo "2580"]
[Annotator "RC"]
[PlyCount "71"]
[EventDate "2023.11.10"]
[EventType "team-tourn"]
[EventCountry "MNE"]
[SourceTitle "playchess.com"]
[Source "ChessBase"]
[SourceQuality "1"]
[WhiteTeam "Moldova"]
[BlackTeam "Poland"]
[WhiteTeamCountry "MDA"]
[BlackTeamCountry "POL"]

1. d4 Nf6 2. c4 e6 3. Nc3 Bb4 4. e3 O-O 5. Bd3 d5 6. Nf3 b6 7. O-O Ba6 8. cxd5 exd5 9. Bxa6 Nxa6 10. Qd3 Qc8 11. b3 Re8 12. Bb2 Qb7 13. Rac1 Bf8 14. Rfd1 Rad8 15. Qe2 h6 16. h3 c6 17. Ne5 Nb8 18. Qc2 Rc8 19. Qf5 Nbd7 20. e4 Nxe5 21. dxe5 Nd7 22. exd5 Nxe5 23. dxc6 Rxc6 24. Nd5 Rxc1 25. Bxc1 Qc8 26. Qxc8 Rxc8 27. Bb2 Ng6 28. Ne3 Bc5 29. Bd4 Bf8 30. g3 f6 31. h4 Rd8 32. Kf1 h5 33. Ke2 Kf7 34. a4 Ne7 35. Rd3 Ke6 36. Bb2 1/2-1/2

[Event "ETCC Open 2023"]
[Site "Budva"]
[Date "2023.11.20"]
[Round "9.29"]
[White "Anton Guijarro, David"]
[Black "Deac, Bogdan-Daniel"]
[Result "1/2-1/2"]
[WhiteElo "2668"]
[BlackElo "2700"]
[Annotator "TA"]
[PlyCount "76"]
[EventDate "2023.11.10"]
[EventType "team-tourn"]
[EventCountry "MNE"]
[SourceTitle "playchess.com"]
[Source "ChessBase"]
[SourceQuality "1"]
[WhiteTeam "Spain"]
[BlackTeam "Romania"]
[WhiteTeamCountry "ESP"]
[BlackTeamCountry "ROU"]

1. e4 c5 2. Nf3 e6 3. c3 Nf6 4. e5 Nd5 5. d4 cxd4 6. cxd4 d6 7. Bc4 Nc6 8. O-O Nb6 9. Bd3 Nb4 10. Be4 d5 11. Bd3 Nxd3 12. Qxd3 Be7 13. Nc3 Bd7 14. b3 O-O 15. h4 Bxh4 16. Nxh4 Qxh4 17. a4 f6 18. Ba3 Rf7 19. Rae1 fxe5 20. Rxe5 Nc8 21. Ne2 Ne7 22. g3 Qf6 23. Bxe7 Qxe7 24. Nf4 Qd6 25. Qe3 Rf6 26. Re1 Rc8 27. Nxe6 Bxe6 28. Rxe6 Rxe6 29. Qxe6+ Qxe6 30. Rxe6 Rc3 31. Rd6 Rxb3 32. Rxd5 Kf7 33. Rd7+ Kf6 34. a5 a6 35. g4 Rb5 36. Kg2 Rxa5 37. Rxb7 Rd5 38. Ra7 Rxd4 1/2-1/2

[Event "ETCC Open 2023"]
[Site "Budva"]
[Date "2023.11.20"]
[Round "9.30"]
[White "Shevchenko, Kirill"]
[Black "Santos Latasa, Jaime"]
[Result "1/2-1/2"]
[WhiteElo "2665"]
[BlackElo "2635"]
[Annotator "TA"]
[PlyCount "81"]
[EventDate "2023.11.10"]
[EventType "team-tourn"]
[EventCountry "MNE"]
[SourceTitle "playchess.com"]
[Source "ChessBase"]
[SourceQuality "1"]
[WhiteTeam "Romania"]
[BlackTeam "Spain"]
[WhiteTeamCountry "ROU"]
[BlackTeamCountry "ESP"]

1. e4 e5 2. Nf3 Nc6 3. Nc3 Nf6 4. Nd5 Nxd5 5. exd5 Nd4 6. Nxd4 exd4 7. Be2 Bc5 8. O-O O-O 9. d3 d6 10. Bg4 Qf6 11. Re1 a5 12. Bd2 Bb4 13. Bxc8 Rfxc8 14. Re4 Re8 15. Bxb4 axb4 16. Qd2 Rxe4 17. dxe4 Qe5 18. Qxb4 b6 19. Qc4 Qxe4 20. Qxc7 h5 21. Qc4 Ra5 22. Qd3 Qxd5 23. a3 Rc5 24. Re1 g6 25. f4 b5 26. h3 Rc4 27. Re2 Kg7 28. Rd2 Qc5 29. Kf1 h4 30. Ke1 Kg8 31. Kf1 Ra4 32. Rd1 Rc4 33. Rd2 Ra4 34. Ke2 Qd5 35. Kf2 Qc5 36. Kf1 Rc4 37. Kg1 Kg7 38. Rf2 Kf6 39. f5 g5 40. Qe2 Qe5 41. Qh5 1/2-1/2

[Event "ETCC Open 2023"]
[Site "Budva"]
[Date "2023.11.20"]
[Round "9.31"]
[White "Shirov, Alexei"]
[Black "Nisipeanu, Liviu-Dieter"]
[Result "1/2-1/2"]
[WhiteElo "2668"]
[BlackElo "2591"]
[Annotator "TA"]
[PlyCount "114"]
[EventDate "2023.11.10"]
[EventType "team-tourn"]
[EventCountry "MNE"]
[SourceTitle "playchess.com"]
[Source "ChessBase"]
[SourceQuality "1"]
[WhiteTeam "Spain"]
[BlackTeam "Romania"]
[WhiteTeamCountry "ESP"]
[BlackTeamCountry "ROU"]

1. e4 c5 2. Nf3 e6 3. d4 cxd4 4. Nxd4 Nf6 5. Nc3 Nc6 6. Nxc6 bxc6 7. e5 Nd5 8. Ne4 Qc7 9. f4 Qb6 10. c4 Ne3 11. Qd3 Bb4+ 12. Bd2 Ba6 13. b3 O-O 14. Nc3 Nd5 15. O-O-O Qa5 16. Kb2 f6 17. Qh3 Qa3+ 18. Ka1 Bxc3+ 19. Bxc3 Nxc3 20. Qxc3 Bc8 21. Bd3 a5 22. Rc1 Rb8 23. Bc2 a4 24. Qa5 fxe5 25. fxe5 Ba6 26. Rb1 Ra8 27. Qb6 c5 28. bxa4 Bxc4 29. Qb2 Qxb2+ 30. Rxb2 Bd5 31. Re1 h5 32. g3 g5 33. Bd1 g4 34. Rd2 Bc6 35. Bc2 Kg7 36. Bb3 Rf7 37. Rc1 Ra5 38. Kb2 Rf3 39. Rc3 c4 40. Bxc4 Rxe5 41. Bb3 Kf6 42. Bd1 Rf1 43. Bb3 Ke7 44. Ka3 Rf3 45. Kb4 Rf8 46. Rdc2 Rb8+ 47. Ka3 Rh8 48. Rc5 Rxc5 49. Rxc5 h4 50. a5 Kd6 51. Rc4 hxg3 52. hxg3 Bf3 53. Rd4+ Kc7 54. Rc4+ Kd6 55. Rd4+ Ke7 56. a6 Ra8 57. Ra4 Kd6 1/2-1/2

[Event "ETCC Open 2023"]
[Site "Budva"]
[Date "2023.11.20"]
[Round "9.32"]
[White "Lupulescu, Constantin"]
[Black "Yuffa, Daniil"]
[Result "1-0"]
[WhiteElo "2582"]
[BlackElo "2600"]
[Annotator "TA"]
[PlyCount "127"]
[EventDate "2023.11.10"]
[EventType "team-tourn"]
[EventCountry "MNE"]
[SourceTitle "playchess.com"]
[Source "ChessBase"]
[SourceQuality "1"]
[WhiteTeam "Romania"]
[BlackTeam "Spain"]
[WhiteTeamCountry "ROU"]
[BlackTeamCountry "ESP"]

1. e4 c5 2. Nf3 d6 3. d4 cxd4 4. Nxd4 Nf6 5. Nc3 a6 6. Be3 Ng4 7. Bc1 Nf6 8. Be3 Ng4 9. Bg5 h6 10. Bh4 g5 11. Bg3 Nc6 12. Nxc6 bxc6 13. Be2 Ne5 14. Bxe5 dxe5 15. Qxd8+ Kxd8 16. Bh5 f6 17. O-O-O+ Kc7 18. Na4 e6 19. Rd3 Be7 20. Rhd1 Rb8 21. b3 Rf8 22. R1d2 Rb4 23. c4 a5 24. Kc2 Rb8 25. h3 Rb4 26. Rd1 Rb8 27. R3d2 Bb4 28. Rd3 Be7 29. Kb2 Rb4 30. R3d2 Rxa4 31. bxa4 Bc5 32. Kb3 Bd4 33. Rxd4 exd4 34. Rxd4 Kb6 35. Kc3 Kc5 36. Bg4 Re8 37. Rd2 Ba6 38. Be2 Rb8 39. Rd7 Rb1 40. Ra7 Bxc4 41. Bxc4 Rc1+ 42. Kb3 Rxc4 43. Rxa5+ Kd4 44. Ra8 Rc1 45. Rf8 c5 46. Rd8+ Kxe4 47. a5 Rb1+ 48. Kc4 Rb4+ 49. Kxc5 Ra4 50. Rd2 Rxa5+ 51. Kb4 Ra8 52. a4 f5 53. a5 e5 54. Kb5 f4 55. a6 Kf5 56. f3 h5 57. Kb6 g4 58. hxg4+ hxg4 59. Kb7 Re8 60. a7 Kg5 61. a8=Q Rxa8 62. Kxa8 Kh4 63. Rd5 Kg3 64. fxg4 1-0

[Event "ETCC Open 2023"]
[Site "Budva"]
[Date "2023.11.20"]
[Round "9.33"]
[White "Van Foreest, Jorden"]
[Black "Mchedlishvili, Mikheil"]
[Result "1/2-1/2"]
[WhiteElo "2700"]
[BlackElo "2564"]
[Annotator "TA"]
[PlyCount "201"]
[EventDate "2023.11.10"]
[EventType "team-tourn"]
[EventCountry "MNE"]
[SourceTitle "playchess.com"]
[Source "ChessBase"]
[SourceQuality "1"]
[WhiteTeam "Netherlands"]
[BlackTeam "Georgia"]
[WhiteTeamCountry "NED"]
[BlackTeamCountry "GEO"]

1. d4 d5 2. c4 e6 3. Nc3 Nf6 4. cxd5 exd5 5. Bg5 Bb4 6. Qb3 c5 7. dxc5 Nc6 8. O-O-O Qa5 9. Bxf6 gxf6 10. Nxd5 Qxc5+ 11. Qc2 Qxc2+ 12. Kxc2 Bf5+ 13. Kc1 Rc8 14. Nxf6+ Kf8 15. e4 Bg6 16. Be2 Be7 17. Bg4 Rc7 18. Nd5 Bg5+ 19. Rd2 Ne5+ 20. Nxc7 Nxg4 21. Nh3 Bxd2+ 22. Kxd2 Bxe4 23. f3 Bc6 24. Nf4 Nf6 25. Rc1 Ke7 26. Rc5 Rd8+ 27. Ke3 Rd1 28. Nb5 Rb1 29. b3 Nd7 30. Nc3 Re1+ 31. Kd2 Nxc5 32. Kxe1 a5 33. Kd2 b5 34. Ke3 Kd6 35. Kd4 f5 36. Nd1 Bd7 37. Nb2 Ne6+ 38. Nxe6 Bxe6 39. Nd3 Bf7 40. h4 h6 41. Nb2 Be6 42. Nd1 a4 43. bxa4 bxa4 44. a3 Bb3 45. Ne3 Ke6 46. f4 Kf6 47. Kc5 Ke6 48. g3 Ba2 49. Nd1 Bb3 50. Nc3 Bc2 51. Kb4 Kd6 52. Kc4 Bb3+ 53. Kd4 Ke6 54. Kc5 Bc2 55. Ne2 Bd1 56. Nd4+ Kf6 57. Kd6 Bb3 58. Nc6 Bc2 59. Nb4 Be4 60. Nd5+ Kg6 61. Ke5 Bc2 62. Nf6 Bd1 63. Nd5 Bc2 64. Ne3 Bb1 65. Kd4 Ba2 66. Kc5 Bb3 67. Kb4 Kf6 68. Nc4 Kg6 69. Ne3 Kf6 70. h5 Ke6 71. Kb5 Kf6 72. Kc6 Bf7 73. Kb5 Be8+ 74. Ka5 Ke6 75. Kb4 Bc6 76. Nd1 Kd5 77. Nc3+ Kd4 78. Nxa4 Ke3 79. Nc3 Kf3 80. Kc5 Be8 81. Kd6 Kxg3 82. Ke5 Bxh5 83. Kxf5 Bf3 84. Ne4+ Bxe4+ 85. Kxe4 h5 86. f5 h4 87. f6 h3 88. f7 h2 89. f8=Q h1=Q+ 90. Kd4 Qd1+ 91. Kc5 Qc2+ 92. Kb6 Qg6+ 93. Ka7 Qc6 94. Qg7+ Kf4 95. Qd4+ Kf5 96. a4 Qc7+ 97. Ka6 Qc6+ 98. Ka5 Ke6 99. Qb6 Kd7 100. Qb5 Kc7 101. Qxc6+ 1/2-1/2

[Event "ETCC Open 2023"]
[Site "Budva"]
[Date "2023.11.20"]
[Round "9.34"]
[White "Jobava, Baadur"]
[Black "Warmerdam, Max"]
[Result "1-0"]
[WhiteElo "2568"]
[BlackElo "2638"]
[Annotator "TA"]
[PlyCount "75"]
[EventDate "2023.11.10"]
[EventType "team-tourn"]
[EventCountry "MNE"]
[SourceTitle "playchess.com"]
[Source "ChessBase"]
[SourceQuality "1"]
[WhiteTeam "Georgia"]
[BlackTeam "Netherlands"]
[WhiteTeamCountry "GEO"]
[BlackTeamCountry "NED"]

1. Nf3 Nf6 2. g3 g6 3. b3 Bg7 4. Bb2 d6 5. Bg2 e5 6. d3 O-O 7. O-O a5 8. c4 Re8 9. Nc3 c6 10. e4 Na6 11. h3 Bd7 12. d4 b5 13. cxb5 cxb5 14. Re1 Rc8 15. Bf1 Nc7 16. dxe5 dxe5 17. a4 b4 18. Nb1 Be6 19. Nbd2 Nd7 20. Nc4 Nc5 21. Qc2 Na8 22. Rad1 Qe7 23. Rd5 Bxd5 24. exd5 Nd7 25. Qd1 Rc5 26. Ncxe5 Nxe5 27. Bxe5 Bxe5 28. Rxe5 Qd8 29. Rxe8+ Qxe8 30. Qd4 Rc1 31. Ne5 Nb6 32. Nd3 Rb1 33. Qxb6 Qe2 34. Qb8+ Kg7 35. Qe5+ Qxe5 36. Nxe5 Rxb3 37. d6 Kf8 38. Nxf7 1-0

[Event "ETCC Open 2023"]
[Site "Budva"]
[Date "2023.11.20"]
[Round "9.35"]
[White "Vrolijk, Liam"]
[Black "Kacharava, Nikolozi"]
[Result "1/2-1/2"]
[WhiteElo "2569"]
[BlackElo "2519"]
[Annotator "RC"]
[PlyCount "102"]
[EventDate "2023.11.10"]
[EventType "team-tourn"]
[EventCountry "MNE"]
[SourceTitle "playchess.com"]
[Source "ChessBase"]
[SourceQuality "1"]
[WhiteTeam "Netherlands"]
[BlackTeam "Georgia"]
[WhiteTeamCountry "NED"]
[BlackTeamCountry "GEO"]

1. Nf3 d5 2. g3 c6 3. Bg2 Nf6 4. O-O Bg4 5. h3 Bh5 6. d4 e6 7. c4 Be7 8. Nc3 O-O 9. Ne5 Nbd7 10. f4 Bg6 11. g4 dxc4 12. Nxc4 Bb4 13. Qb3 Bxc3 14. bxc3 Be4 15. Nd2 Bxg2 16. Kxg2 Qc7 17. e4 c5 18. d5 exd5 19. e5 Ne4 20. Nxe4 dxe4 21. Qd5 Nb6 22. Qxe4 Rad8 23. Rf2 Rfe8 24. Bd2 Qd7 25. Re1 Qd5 26. Qxd5 Rxd5 27. Re4 f6 28. Be3 fxe5 29. c4 Rdd8 30. fxe5 Nd7 31. e6 Nf6 32. Re5 Rd6 33. Bxc5 Rdxe6 34. Rxe6 Rxe6 35. Bxa7 Rc6 36. Rc2 b6 37. Bb8 Nd5 38. Rd2 Ne3+ 39. Kf3 Nxc4 40. Rd8+ Kf7 41. Rd7+ Kf6 42. Ke4 Rc8 43. Rb7 Rd8 44. h4 Rd2 45. Rc7 Na5 46. a3 Ra2 47. Rc3 Ke6 48. Bf4 b5 49. Rc5 Rxa3 50. Re5+ Kf7 51. Rxb5 Ra4+ 1/2-1/2

[Event "ETCC Open 2023"]
[Site "Budva"]
[Date "2023.11.20"]
[Round "9.36"]
[White "Quparadze, Giga"]
[Black "Van Foreest, Lucas"]
[Result "1-0"]
[WhiteElo "2490"]
[BlackElo "2540"]
[Annotator "RC"]
[PlyCount "103"]
[EventDate "2023.11.10"]
[EventType "team-tourn"]
[EventCountry "MNE"]
[SourceTitle "playchess.com"]
[Source "ChessBase"]
[SourceQuality "1"]
[WhiteTeam "Georgia"]
[BlackTeam "Netherlands"]
[WhiteTeamCountry "GEO"]
[BlackTeamCountry "NED"]

1. e4 e5 2. Nf3 Nc6 3. Bc4 Bc5 4. O-O Nf6 5. d3 d6 6. c3 O-O 7. Bg5 h6 8. Bh4 g5 9. Bg3 a5 10. Nbd2 Ba7 11. Re1 Kg7 12. Nf1 Ng8 13. Ne3 Bxe3 14. fxe3 f5 15. exf5 Bxf5 16. Rf1 Bg6 17. d4 e4 18. Nd2 Rxf1+ 19. Qxf1 Nf6 20. Qf2 Qe7 21. Rf1 Rf8 22. Bb3 Qe8 23. Qe2 Ne7 24. Qc4 Qd7 25. Qe6 Qxe6 26. Bxe6 Bf7 27. Bxf7 Rxf7 28. c4 Kg6 29. c5 Nf5 30. Nc4 Rd7 31. cxd6 cxd6 32. Bxd6 Ng4 33. Bc5 Nfxe3 34. Nxe3 Nxe3 35. Re1 Nc4 36. b3 b6 37. bxc4 bxc5 38. dxc5 Kf5 39. Kf2 Ke5 40. c6 Rc7 41. Rd1 Rxc6 42. Rd5+ Kf6 43. Rd4 Rb6 44. Rxe4 Rb4 45. Ke3 Rb2 46. c5 Rxa2 47. Kd3 Ra1 48. Kc2 Kf5 49. c6 Kxe4 50. c7 Ra2+ 51. Kc3 Rxg2 52. c8=Q 1-0

[Event "ETCC Open 2023"]
[Site "Budva"]
[Date "2023.11.20"]
[Round "9.37"]
[White "Radjabov, Teimour"]
[Black "Vocaturo, Daniele"]
[Result "1/2-1/2"]
[WhiteElo "2745"]
[BlackElo "2632"]
[Annotator "TA"]
[PlyCount "96"]
[EventDate "2023.11.10"]
[EventType "team-tourn"]
[EventCountry "MNE"]
[SourceTitle "playchess.com"]
[Source "ChessBase"]
[SourceQuality "1"]
[WhiteTeam "Azerbaijan"]
[BlackTeam "Italy"]
[WhiteTeamCountry "AZE"]
[BlackTeamCountry "ITA"]

1. c4 e5 2. Nc3 Bb4 3. Nd5 a5 4. a3 Bc5 5. Nf3 d6 6. d3 c6 7. Nc3 Nf6 8. g3 h6 9. Bg2 Be6 10. Rb1 Nbd7 11. b4 axb4 12. axb4 Bb6 13. O-O O-O 14. c5 dxc5 15. bxc5 Bxc5 16. Rxb7 Qa5 17. Bd2 Bb6 18. Qc1 Qa6 19. Bxh6 Qxb7 20. Bxg7 Nh7 21. Qh6 f6 22. Ne4 Qb8 23. Nfg5 fxg5 24. Qxe6+ Kxg7 25. Qxd7+ Kh8 26. Qxc6 Ra7 27. Bf3 Bd8 28. Kg2 Rg7 29. h3 Nf6 30. Rc1 Qb6 31. Qxb6 Bxb6 32. Rc6 Bd8 33. Nc5 Rc7 34. Rxc7 Bxc7 35. Ne6 Rf7 36. Nxg5 Re7 37. h4 Kg7 38. g4 Bb6 39. Nh3 Rd7 40. g5 Nd5 41. h5 Nf4+ 42. Nxf4 exf4 43. Kh3 Bxf2 44. Kg4 Be3 45. h6+ Kf8 46. g6 Ra7 47. g7+ Rxg7+ 48. hxg7+ Kxg7 1/2-1/2

[Event "ETCC Open 2023"]
[Site "Budva"]
[Date "2023.11.20"]
[Round "9.38"]
[White "Moroni, Luca Jr"]
[Black "Mamedov, Rauf"]
[Result "0-1"]
[WhiteElo "2575"]
[BlackElo "2644"]
[Annotator "TA"]
[PlyCount "128"]
[EventDate "2023.11.10"]
[EventType "team-tourn"]
[EventCountry "MNE"]
[SourceTitle "playchess.com"]
[Source "ChessBase"]
[SourceQuality "1"]
[WhiteTeam "Italy"]
[BlackTeam "Azerbaijan"]
[WhiteTeamCountry "ITA"]
[BlackTeamCountry "AZE"]

1. c4 Nf6 2. g3 g6 3. Bg2 Bg7 4. Nc3 O-O 5. Nf3 d6 6. O-O c5 7. d4 Nc6 8. d5 Na5 9. Qd3 a6 10. e4 b5 11. cxb5 axb5 12. Nxb5 Bd7 13. a4 c4 14. Qc2 Nb3 15. Ra3 Nxc1 16. Rxc1 Nxe4 17. Nfd4 Bxb5 18. Nxb5 Nc5 19. Bf1 Qa5 20. Bxc4 Qb4 21. b3 Rfc8 22. Qe2 Ra5 23. Qe1 Rxb5 24. Bxb5 Qxa3 25. b4 Bd4 26. bxc5 Rxc5 27. Rxc5 Qxc5 28. Bc6 Kf8 29. Qd2 Kg7 30. Bb7 h5 31. h4 Qb6 32. a5 Qb1+ 33. Kg2 e5 34. Ba6 Qe4+ 35. f3 Qxd5 36. Be2 Qb3 37. a6 Qb1 38. Qd1 Qa2 39. Kh3 Qa3 40. f4 Qe3 41. fxe5 dxe5 42. Qd3 Qc1 43. Bf3 Qc5 44. Bg2 Bf2 45. Bf3 Bg1 46. Qe2 Bd4 47. Qa2 Qe7 48. Qe2 Qa3 49. Bg2 Qa4 50. Bf1 Qa1 51. Bg2 Qa3 52. Bf1 Qe7 53. Bg2 Qf6 54. Kh2 Qb6 55. Bf1 Qb1 56. Qd3 Qa1 57. Qe2 Qc1 58. Qd3 Bb6 59. Kh3 e4 60. Qc4 Qd1 61. Qe2 Qd4 62. Bg2 e3 63. Bf1 Qe4 64. Bg2 Qg4+ 0-1

[Event "ETCC Open 2023"]
[Site "Budva"]
[Date "2023.11.20"]
[Round "9.39"]
[White "Abasov, Nijat"]
[Black "Sonis, Francesco"]
[Result "0-1"]
[WhiteElo "2679"]
[BlackElo "2564"]
[Annotator "TA"]
[PlyCount "114"]
[EventDate "2023.11.10"]
[EventType "team-tourn"]
[EventCountry "MNE"]
[SourceTitle "playchess.com"]
[Source "ChessBase"]
[SourceQuality "1"]
[WhiteTeam "Azerbaijan"]
[BlackTeam "Italy"]
[WhiteTeamCountry "AZE"]
[BlackTeamCountry "ITA"]

1. d4 Nf6 2. Nf3 e6 3. Bf4 b6 4. e3 Bb7 5. Bd3 c5 6. h3 Be7 7. O-O cxd4 8. exd4 O-O 9. Re1 Ba6 10. a4 Bxd3 11. Qxd3 Nc6 12. c3 h6 13. Nbd2 a6 14. Ne5 Qc8 15. Nec4 Qb7 16. Ne3 Nh5 17. Bh2 d5 18. g4 Nf6 19. h4 Nh7 20. Bg3 Qd7 21. f4 Bd6 22. Kg2 Ne7 23. Re2 f5 24. g5 Ng6 25. Rf1 hxg5 26. hxg5 Qc7 27. Ref2 Nxg5 28. fxg5 Bxg3 29. Nxd5 Bxf2 30. Nxc7 Nf4+ 31. Kxf2 Nxd3+ 32. Ke2 Nxb2 33. Nxa8 Rxa8 34. a5 b5 35. Rb1 Na4 36. Kd3 Rd8 37. c4 bxc4+ 38. Nxc4 Nc5+ 39. Kc3 Ne4+ 40. Kd3 Nc5+ 41. Kc3 Ne4+ 42. Kd3 Nxg5 43. Rb6 Ne4 44. Ke3 Rc8 45. Kd3 Rd8 46. Ke3 Rc8 47. Kd3 Nf2+ 48. Kc3 f4 49. Rxe6 f3 50. Re1 Ng4 51. Kd3 f2 52. Rb1 Re8 53. Nd2 Re1 54. Rb8+ Kf7 55. Rb7+ Kg6 56. Rb6+ Nf6 57. Rxa6 Rd1 0-1

[Event "ETCC Open 2023"]
[Site "Budva"]
[Date "2023.11.20"]
[Round "9.40"]
[White "Lodici, Lorenzo"]
[Black "Durarbayli, Vasif"]
[Result "1/2-1/2"]
[WhiteElo "2550"]
[BlackElo "2625"]
[Annotator "TA"]
[PlyCount "233"]
[EventDate "2023.11.10"]
[EventType "team-tourn"]
[EventCountry "MNE"]
[SourceTitle "playchess.com"]
[Source "ChessBase"]
[SourceQuality "1"]
[WhiteTeam "Italy"]
[BlackTeam "Azerbaijan"]
[WhiteTeamCountry "ITA"]
[BlackTeamCountry "AZE"]

1. e4 c5 2. Nf3 d6 3. Nc3 a6 4. Be2 e5 5. Bc4 b5 6. Bd5 Ra7 7. d3 Be7 8. a3 Nf6 9. Ba2 h6 10. Ne2 Nc6 11. Ng3 O-O 12. O-O Re8 13. Re1 Bf8 14. c3 Be6 15. Bxe6 Rxe6 16. d4 exd4 17. cxd4 Nxd4 18. Nxd4 cxd4 19. Qxd4 Rc7 20. Bf4 Rc4 21. Qd3 Qc8 22. Rac1 d5 23. Rxc4 bxc4 24. Qf3 dxe4 25. Nxe4 c3 26. bxc3 Nxe4 27. Rxe4 Rxe4 28. Qxe4 Qxc3 29. g4 Qxa3 30. Kg2 a5 31. h4 Qe7 32. Qa8 Qxh4 33. f3 Qe1 34. Bc7 Qd2+ 35. Kh3 h5 36. Bxa5 hxg4+ 37. fxg4 Qe3+ 38. Kg2 Qe6 39. Kh3 Qb3+ 40. Kg2 Qa2+ 41. Kh3 f6 42. Qd8 Qb3+ 43. Kg2 Qe6 44. Kf3 Qc6+ 45. Kg3 Qc4 46. Be1 Kf7 47. Qd7+ Be7 48. Bf2 Qe4 49. Qd1 Qe5+ 50. Kg2 Bd6 51. Qf3 Kg6 52. Be3 Qh2+ 53. Kf1 Qc2 54. Bf2 Be5 55. Be3 Qc4+ 56. Kg2 Qd3 57. Bf2 Qc2 58. Kf1 Qc4+ 59. Kg2 Bf4 60. Qb7 Qe2 61. Qf3 Qc4 62. Qb7 Kh6 63. Qf3 g6 64. Qh3+ Kg7 65. Qf3 Bc7 66. Be3 Qa2+ 67. Qf2 Qe6 68. Qf3 Qe5 69. Bf2 Bd6 70. Be3 Qh2+ 71. Kf1 Qb2 72. Qd5 Qb1+ 73. Kg2 Qc2+ 74. Kf1 Qc7 75. Kg2 Bf4 76. Bc5 Qb8 77. Kf3 Bg5 78. Qe4 Kh6 79. Qb4 Qa8+ 80. Qe4 Qg8 81. Qb7 Qd8 82. Qe4 Qd1+ 83. Kg2 Qd2+ 84. Bf2 Qa2 85. Kf3 Bc1 86. Qc6 Qa3+ 87. Kg2 Qb2 88. Kf3 Qa3+ 89. Kg2 Kg5 90. Qd5+ Kxg4 91. Qe4+ Kg5 92. Bh4+ Kh6 93. Bxf6 Qa2+ 94. Kf3 Qb3+ 95. Kg2 Qa2+ 96. Kf3 Qa3+ 97. Kg2 Bg5 98. Bxg5+ Kxg5 99. Qe5+ Kh4 100. Qd4+ Kh5 101. Qh8+ Kg4 102. Qd4+ Kf5 103. Qd5+ Kf6 104. Qd4+ Ke6 105. Qe4+ Kf6 106. Qd4+ Kf7 107. Qd7+ Kg8 108. Qc8+ Kg7 109. Qc7+ Kh6 110. Qh2+ Kg7 111. Qc7+ Kf8 112. Qd8+ Kf7 113. Qd7+ Qe7 114. Qxe7+ Kxe7 115. Kf3 g5 116. Kg4 Kf7 117. Kxg5 1/2-1/2

[Event "ETCC Open 2023"]
[Site "Budva"]
[Date "2023.11.20"]
[Round "9.41"]
[White "Rodshtein, Maxim"]
[Black "Grandelius, Nils"]
[Result "1/2-1/2"]
[WhiteElo "2582"]
[BlackElo "2688"]
[Annotator "TA"]
[PlyCount "64"]
[EventDate "2023.11.10"]
[EventType "team-tourn"]
[EventCountry "MNE"]
[SourceTitle "playchess.com"]
[Source "ChessBase"]
[SourceQuality "1"]
[WhiteTeam "Israel"]
[BlackTeam "Sweden"]
[WhiteTeamCountry "ISR"]
[BlackTeamCountry "SWE"]

1. e4 c5 2. Nf3 d6 3. d4 cxd4 4. Nxd4 Nf6 5. Nc3 a6 6. f3 e5 7. Nb3 Be6 8. Be3 Be7 9. Qd2 h5 10. Nd5 Nxd5 11. exd5 Bf5 12. Be2 a5 13. Bb5+ Bd7 14. a4 Bh4+ 15. g3 Be7 16. Qe2 O-O 17. h4 Na6 18. Qd2 Nb8 19. Bd3 Na6 20. Nxa5 Nc5 21. Bxc5 dxc5 22. Nc4 Rxa4 23. Rxa4 Bxa4 24. Kf2 g6 25. Re1 Qxd5 26. Rxe5 Qd4+ 27. Qe3 Qxe3+ 28. Kxe3 Re8 29. Be4 Kf8 30. b3 Bb5 31. Bxb7 Bxc4 32. bxc4 Bf6 1/2-1/2

[Event "ETCC Open 2023"]
[Site "Budva"]
[Date "2023.11.20"]
[Round "9.42"]
[White "Blomqvist, Erik"]
[Black "Nabaty, Tamir"]
[Result "0-1"]
[WhiteElo "2520"]
[BlackElo "2632"]
[Annotator "TA"]
[PlyCount "68"]
[EventDate "2023.11.10"]
[EventType "team-tourn"]
[EventCountry "MNE"]
[SourceTitle "playchess.com"]
[Source "ChessBase"]
[SourceQuality "1"]
[WhiteTeam "Sweden"]
[BlackTeam "Israel"]
[WhiteTeamCountry "SWE"]
[BlackTeamCountry "ISR"]

1. e4 e5 2. Nf3 Nc6 3. Bb5 Bc5 4. c3 Nf6 5. O-O O-O 6. d4 Bb6 7. Re1 d6 8. h3 Bd7 9. a4 a6 10. Bc4 h6 11. Be3 Be8 12. Bb3 a5 13. dxe5 Nxe5 14. Bxb6 cxb6 15. Nd4 Bc6 16. Nd2 Re8 17. Re3 Ng6 18. Qe2 Qd7 19. Re1 Rad8 20. Qd1 Qc7 21. Qe2 Re5 22. Qc4 Rde8 23. Nf5 d5 24. exd5 Nxd5 25. Rxe5 Rxe5 26. Rxe5 Qxe5 27. Qe4 Ndf4 28. Qxe5 Nxe5 29. f3 Nfd3 30. Ne7+ Kf8 31. Nxc6 bxc6 32. Kf1 Nxb2 33. f4 Ned3 34. g3 Nc5 0-1